〈プラレール〉レール - Statistics

General Stats
  • This quiz has been taken 5 times
  • The average score is 18 of 53
Answer Stats
付番 発売年 商品名 % Correct
R-01 1959年〜(推定) 直線レール
100%
R-01 1998年 直線レール(ジャスコオリジナル)
100%
R-02 1974年〜 二分の一直線レール
100%
R-03 1959年〜(推定) 曲線レール
100%
R-03 1998年 曲線レール(ジャスコオリジナル)
100%
R-05 1968年〜 複線曲線レール
100%
R-20 1998年〜 四分の一直線レール
100%
R-04 1998年〜 複線直線レール
75%
R-06 1984年〜 ニュー坂レール
75%
R-11 1974年〜 ターンアウトレール
75%
R-08 1975年〜 ストップレール
50%
R-09 1997年〜 外側曲線レール
50%
R-13 1974年〜 単線・複線ポイントレール
50%
R-13 2017年 単線・複線ポイントレール(黄色)
50%
R-14 1978年〜 交差ポイントレール
50%
R-15 1968〜2012年 複線ポイントレール
50%
R-15 2012年〜 複線幅広ポイントレール
50%
R-23 2005年〜 まがレール
50%
R-28 2008年〜 複線ターンアウトレール
50%
R-07 2003年〜 2倍直線レール
50%
R-12 1974年〜 8の字ポイントレール
50%
R-22 2005〜2026年 Y字ポイントレール
50%
R-10 1959(推定)〜1998年 ジョイントレール
25%
R-16 1979年〜 自動ポイントレール
25%
R-18 1988年〜 坂曲線レール
25%
R-19 1990年〜 自動ターンアウトレール
25%
R-24 2007年〜 複線わたりポイントレール
25%
R-25 2008年〜 地下直線レール
25%
R-26 2008年〜 高架直線レール
25%
R-27 2008年〜 高架曲線レール
25%
R-21 2003年〜 2倍曲線レール
25%
R-04 1968〜1997年 大曲線レール
0%
R-07 1968〜1996年 大橋レール
0%
R-09 1980〜1992年 リターンレール
0%
R-17 1981〜2014年 ニューてんてつき
0%
R-17 2025年〜 橋直線レール
0%
R-23 2006年 プラレールの日 カラフルまがレール
0%
R-23 2007年 まがレール グレーカラーバージョン
0%
R-30 2024年〜 三角ポイントレール
0%
MR-01 2001〜2003年 曲線モノレール
0%
MR-02 2001〜2003年 坂モノレール
0%
R-23 2009年 カラフルまがレール2009
0%
R-23 2010年 カラフルまがレール2010
0%
R-23 2011年 カラフルまがレール2011
0%
R-17 2014〜2025年 3分岐ポイントレール
0%
E-02 1992〜1993年 リモコンポイントレール(A)
0%
TR-01 2000〜? おしゃべりレールセットA
0%
E-03 1992〜1993年 リモコンポイントレール(B)
0%
TR-02 2000〜? おしゃべりレールセットB
0%
TR-03 2000〜? おしゃべりレールセットC
0%
R-29 2024年〜 S字レール
0%
R-10 1998年〜 Uターンレール
0%
R-22 2026年〜 自動Y字ポイントレール
0%
No matching quizzes found
Score Distribution
Percent of People with Each Score
Percentile by Number Answered
Your Score History
You have not taken this quiz